| 000 | 00526nam a2200181Ia 4500 | ||
|---|---|---|---|
| 005 | 20250508152259.0 | ||
| 008 | 008 250505s9999 xx 000 0 eng d | ||
| 037 | _aTextual | ||
| 040 |
_aFEDL _beng _cFEDL |
||
| 041 |
_aeng _2eng |
||
| 084 |
_a915.54, LEW _qFEDL |
||
| 100 | _aLewis Oscar | ||
| 245 | 0 | _aVillage life in northern India: Studies in a Delhi village | |
| 260 |
_aUrbana _bThe University of Illinois _c1958 |
||
| 300 | _axiii,384p. | ||
| 942 |
_cTEXL _h915.54, LEW |
||
| 999 |
_c1335477 _d1335477 |
||